00662nam a2200181Ia 4500952014600000999001700146003000400163005001700167008004100184020001800225040000900243082002100252100003900273245006800312260004300380300000900423942004800432 00102ddc40708POLITICAL SCIENCEaMESbMEScPOLd2019-02-20g450.00l0o322.10954 NEE/Cp34717r2019-02-20 00:00:00w2019-02-20yBKzGL10R3 c21364d21364OSt20200606113015.0190216s9999||||xx |||||||||||||| ||und|| a9788178242569 coclc a322.10954bNEE/C aNeedham, Anuradha Dingwaney 92584 4aThe Crisis Of Secularism In India /cAnuradha Dingwaney Needham bPermanent Black Pub,c2009.aRanikhet: a411p cBK2ddch322.10954iNEE/Ck322.10954mNEE/C